Home energy : your best options for solar heating and cooling, wood, wind, and photovoltaics /
Saved in:
| Main Author: | |
|---|---|
| Other Authors: | |
| Format: | Book |
| Language: | English |
| Published: |
Emmaus, Pa. :
Rodale Press,
[c1984]
|
| Subjects: | |
| Tags: |
Add Tag
No Tags, Be the first to tag this record!
|
| LEADER | 01087pam a2200265 a 4500 | ||
|---|---|---|---|
| 001 | 001159357-1 | ||
| 005 | 20020606090541.3 | ||
| 008 | 831122s1984 paua 00110 eng | ||
| 010 | |a 83024778 | ||
| 020 | |a 087857493X : |c $19.95 | ||
| 035 | 0 | |a ocm10208430 | |
| 040 | |a DLC |c DLC | ||
| 050 | 0 | 0 | |a TH7226 |b .H35 1984 |
| 100 | 1 | |a Halacy, D. S. |q (Daniel Stephen), |d 1919- | |
| 245 | 1 | 0 | |a Home energy : |b your best options for solar heating and cooling, wood, wind, and photovoltaics / |c by Dan Halacy ; edited by Carol Hupping ; illustration, Frank Fretz, Brian Swisher ; editorial assistance, Cheryl Winters Tetreau ... [et al.]. |
| 260 | 0 | |a Emmaus, Pa. : |b Rodale Press, |c [c1984] | |
| 300 | |a xxix, 288 p. : |b ill. ; |c 24 cm. | ||
| 500 | |a Includes index. | ||
| 650 | 0 | |a Dwellings |x Heating and ventilation. | |
| 650 | 0 | |a Dwellings |x Air conditioning. | |
| 650 | 0 | |a Renewable energy sources. | |
| 700 | 1 | |a Hupping, Carol. | |
| 776 | 0 | 8 | |i Online version: |a Halacy, D.S. (Daniel Stephen), 1919- |t Home energy. |d Emmaus, Pa. : Rodale Press, [©1984] |w (OCoLC)760925732 |
| 988 | |a 20020608 | ||
| 906 | |0 DLC | ||


